El maestro samurai /

Guardado en:
Autor Principal: Anónimo
Otros Autores: Höhn, Guillermo; adap., Mazali, Gustavo Ariel; il.
Formato: Libro
Publicado: Buenos Aires : Pictus, 2013
Series:Mini-Álbum
Materias:
Etiquetas: Agregar Etiqueta
Sin Etiquetas, Sea el primero en etiquetar este registro!
LEADER 00823nam a22002655a 4500
001 CEM.cems015328
005 20191115155802.0
008 130507s2013##################000#0#####d
003 CEMS
020 |a 9789871534708 
082 0 4 |a 895.6 
100 1 |a Anónimo 
245 1 0 |a El maestro samurai /  |c Anónimo ; adaptado Por Guillermo Höhn ; ilustrado Por Gustavo Ariel Mazali 
260 |a Buenos Aires :  |b Pictus,  |c 2013 
300 |a 24 p. 
490 0 |a Mini-Álbum 
653 |a Literatura 
653 |a Literatura japonesa 
653 |a Literatura infantil 
653 |a Cuentos infantiles 
653 |a Colección ciencias de la educación 
653 |a Libro Álbum 
700 1 |a Höhn, Guillermo; adap. 
700 1 |a Mazali, Gustavo Ariel; il. 
859 |a CEMS  |b BIB. CEMS - Ccias. Educacion  |h 895.6  |i M268  |k CE  |p 28606.19  |t Ej.1